000 00638nam a22002057a 4500
005 20260323163609.0
010 _aBACEN25 ENG-148144
020 _a9789363865549
_c899.00
035 _aEN-131676
037 _bInternational Book Center
037 _bDBAD
082 _a005
_27
100 _aHorstmann, Cay S.
_988754
245 _aProgramming with Java: Beginner to Advanced/
_cBy Cay S. Horstmann
250 _a7
260 _aNew Delhi
_c2025
_bWiley India Pvt Ltd
270 _bNew Delhi
_a4436/7, Ansari Road, Darya Ganj
_e110002
300 _axxxvii,909p.
_c24cm (pb)
_bIndex
942 _2ddc
_cEN
_h005
_mHOR
_e7
999 _c209122
_d209122